Представление документа в формате RUSMARC

ПолеНазваниеЗначение
  Тип записи a
  Библиографический уровень a
001 Контрольный номер RU/CBS_UL/BASE/570558985
005 Дата корректировки 20250124034031.1
100 Данные общей обработки __
a Данные общей обработки 20180129d2018 ||| 0rusy0189 ca
101 Язык документа 0_
a Язык текста rus
102 Страна публикации __
a Страна публикации RU
105 Кодированные данные (монография) __
a Кодированные данные (монография) y###||||000|y
200 Заглавие и сведения об ответственности 1_
a Заглавие Держательница воды Ведьава
b Общее обозначение материала Текст
e Сведения, относящиеся к заглавию [мифы и реальность мордовского народа]
f Первые сведения об ответственности О. Ефимова
300 Общие примечания __
a Общие примечания Ограничения по возрасту - 16+
461 Уровень набора _0
1 2000
a Ялгат
463 Уровень физической единицы _0
1 001RU/CBS_UL/BASE/570555233
1 2000
a № 2 (26 янв.)
v С. 2
1 210
d 2018
606 Тематические рубрики 0_
a Основная рубрика Фольклор мордовского народа
610 Ключевые слова 0_
a Ключевые слова мифы и легенды
a Ключевые слова мордва
a Ключевые слова мордовский народ
a Ключевые слова фолклор мордовского народа
a Ключевые слова сказания мордовского народа
a Ключевые слова боги мордовского народа
686 Индексы других классификаций __
a Классификационный индекс 63.5(2Рос=Морд)
2 Код системы ББК
700 Автор _1
a Фамилия Ефимова
b Имя (инициалы) О.
801 Источник записи _0
a Страна RU
b Организация МБУК ЦБС г. Ульяновска
c Дата составления 20180129
g Правила каталогизации RCR
801 Источник записи _1
a Страна RU
b Организация МБУК ЦБС г. Ульяновска
c Дата составления 20180129
g Правила каталогизации RCR
901 Тип документа __
t Тип документа f
w Контрольный № источника RU/CBS_UL/BASE/570555233
910 Корректоры записи __
a Корректор записи Библиотека 17
938 Служебная информация __
a Имя БД period